000 00274nam a2200109Ia 4500
008 190216s9999||||xx |||||||||||||| ||und||
100 _aPrasad L
245 0 _aStudies In Indian History Ancient And Medival India
260 _bBook Hive Pub
650 _aHistory
942 _cBK
999 _c19560
_d19560